U.S. State Nicknames - Statistics

General Stats
  • This quiz has been taken 11 times
  • The average score is 11 of 50
Answer Stats
State Nickname % Correct
California Golden State
70%
Florida Sunshine State
70%
New Jersey Garden State
60%
Ohio Buckeye State
50%
Colorado Centennial State
50%
Texas Lone Star State
50%
Alaska The Last Frontier
50%
Hawaii Aloha State
40%
New York Empire State
40%
New Hampshire Granite State
40%
Indiana Hoosier State
40%
Mississippi Magnolia State
40%
West Virginia Mountain State
40%
South Carolina Palmetto State
40%
Oregon Beaver State
30%
Utah Beehive State
30%
Kentucky Bluegrass State
30%
Wyoming Equality State
30%
Idaho Gem State
30%
Pennsylvania Keystone State
30%
Arkansas Natural State
30%
Missouri Show Me State
30%
South Dakota The Mount Rushmore State
30%
Tennessee Volunteer State
30%
Arizona Grand Canyon State
20%
Vermont Green Mountain State
20%
Oklahoma Sooner State
20%
Maine Pine Tree State
10%
Wisconsin Badger State, America’s Dairyland
0%
Massachusetts Bay State, Old Colony State
0%
Nebraska Cornhusker State, Beef State
0%
Alabama Cotton State, Yellowhammer State
0%
Washington Evergreen State, Chinook State
0%
Delaware First State, Diamond State
0%
North Dakota Flickertail State, Sioux State, Peace Garden State
0%
Maryland Free State, Old Line State
0%
Iowa Hawkeye State, Corn State
0%
New Mexico Land of Enchantment, Sunshine State
0%
Minnesota North Star State, Gopher State, Land of 10,000 Lakes, Land of Sky-Blue Waters
0%
Connecticut Nutmeg State, Constitution State
0%
Rhode Island Ocean State, Little Rhody
0%
Georgia Peach State, Empire State of the South
0%
Louisiana Pelican State, Creole State, Sugar State
0%
Illinois Prairie State, Land of Lincoln
0%
Nevada Silver State, Sagebrush State, Battle Born State
0%
Kansas Sunflower State, Jayhawker State
0%
North Carolina Tar Heel State, Old North State
0%
Virginia The Old Dominion, Mother of Presidents
0%
Montana Treasure State, Big Sky Country
0%
Michigan Wolverine State, Great Lake State
0%
No matching quizzes found
Score Distribution
Percent of People with Each Score
Percentile by Number Answered
Your Score History
You have not taken this quiz